02446 2200517 4500001002100000005001500021035002000036008004100056020001800097041000800115082001000123084001600133100002000149700002000169245008700189260003000276300004000306500002000346520091200366650004701278650002701325990002401352990002401376990002401400990002401424990002401448990002401472990002401496990002401520990002401544990002401568990002401592990002401616990002401640990002401664990002401688990002401712990002401736990002401760990002401784990002401808990002401832990002401856990002401880990002401904INLIS00000000000819020221026051422 a0010-0520008190221026 | | ind  a9789792908497 aind a336.2 a336.2 ANA p0 aAnastasia Diana0 aLilis Setiawati1 aPedoman dan Cara Pengisian SPT PPH Pasal 21 /cAnastasia Diana dan Lilis Setiawati aYogyakarta :bAndi,c2009 avi, 114p. :b: ilus. ;c28cm. + 1CD aBerikut satu CD aSeiring perkembangan dunia usaha di Indonesia, peraturan perpajakan selalu diperbaharui, demikian pula formulir yang digunakan untuk melaporkan pemotongan Pajak Penghasilan Pasal 21/26. Buku ini merupakan penuntun pengisian Formulir SPT Tahunan dan SPT Masa Pajak Penghasilan Pasal 21 yang terbaru (tahun 2003) yang disertai file template Microsoft Excel berupa kedua formulir tersebut. Perpaduan penuntun yang jelas dan template formulir SPT tersebut membuat Anda lebih mudah, lebih cepat, dan lebih akurat (meminimumkan kesalahan) memasukkan data ke dalam formulir karena banyak perhitungan yang secara otomatis dikerjakan oleh Excel serta semakin sedikit pengulangan entri data. Dalam buku ini juga disertakan cara penghitungan pemotongan Pajak Penghasilan Pasal 21 setiap bulannya agar besarnya pemotongan per bulan pada akhir tahun sama atau mendekati besarnya Pajak Penghasilan Pasal 21 yang terutang. 4aTaxation - Law and legislation - Indonesia 4aIncome tax - Indonesia a17100/MKRI-P/X-2010 a17102/MKRI-P/X-2010 a17099/MKRI-P/X-2010 a17101/MKRI-P/X-2010 a17102/MKRI-P/X-2010 a17100/MKRI-P/X-2010 a17099/MKRI-P/X-2010 a17101/MKRI-P/X-2010 a17101/MKRI-P/X-2010 a17100/MKRI-P/X-2010 a17102/MKRI-P/X-2010 a17099/MKRI-P/X-2010 a17100/MKRI-P/X-2010 a17102/MKRI-P/X-2010 a17099/MKRI-P/X-2010 a17101/MKRI-P/X-2010 a17101/MKRI-P/X-2010 a17100/MKRI-P/X-2010 a17102/MKRI-P/X-2010 a17099/MKRI-P/X-2010 a17099/MKRI-P/X-2010 a17100/MKRI-P/X-2010 a17102/MKRI-P/X-2010 a17101/MKRI-P/X-2010